000 01272cam a2200313 a 4500
999 _c529545
_d529545
001 14421119
003 NUST
005 20190927150954.0
008 060620s2007 nyua b 001 0 eng
010 _a 2006020538
020 _a1593854021 (hardcover)
038 _awaseem
040 _aDLC
_cDLC
_dDLC
050 0 0 _aHM1181
_b.I46 2007
082 0 0 _a152.40287
_bWIT
245 0 0 _aImplicit measures of attitudes /
_cedited by Bernd Wittenbrink, Norbert Schwarz.
260 _aNew York :
_bGuilford Press,
_cc2007.
300 _ax, 294 p. :
_bill. ;
_c24 cm.
504 _aIncludes bibliographical references and index.
650 0 _aAttitude (Psychology)
_xTesting.
_921800
650 0 _aSocial psychology
_xResearch
_xMethodology.
_921801
700 1 _aWittenbrink, Bernd.
_921802
700 1 _aSchwarz, Norbert,
_cDr. phil.
_921803
856 4 1 _3Table of contents only
_uhttp://www.loc.gov/catdir/toc/ecip0616/2006020538.html
856 4 2 _3Contributor biographical information
_uhttp://www.loc.gov/catdir/enhancements/fy0704/2006020538-b.html
906 _a7
_bcbc
_corignew
_d1
_eecip
_f20
_gy-gencatlg
942 _2ddc
_cBK